00873 a2200169 4500003000500000005001700005040000900022082001400031100002200045245004900067250001100116260002700127300003400154505046500188600002200653650002800675Nust20230504133335.0 cNust a641.3,PLI aViolet G. Plimmer aFood values at a glance /cViolet G. Plimmer a1st ed aLongmansbLondonc1935 a94 pb35 Chartscilluse19 cm aIntroduction (Page-13), Malnutrition: The Dangers of Complacency (Page-15), The purpose of Food (Page-20), A Complete Diet (Page-22), Vitamins (Page-32), The Effects of Diets Deficient in Vitamins (Page-37), The Quantity of Food Required (Page-42), Composition of the Standard Diet (Page-50), A Typical Day’s Food for an Adult (Page-62), Large Scale Catering for Schools and Institutions (Page-65), Economical Diets (Page-74), Notes on Foodstuffs (Page-82).  aViolet G. Plimmer aFood values at a glance